| 000 | 01139nac a22003137a 4500 | ||
|---|---|---|---|
| 001 | BR8201091 | ||
| 003 | BR-BrBNA | ||
| 005 | 20240105115238.0 | ||
| 008 | 230509b bl.|||m| |||| 00| 0 por d | ||
| 040 |
_aBR-BrBNA _bpor _cBiblioteca Nacional de Agricultura |
||
| 072 | _aF00 | ||
| 090 | _a1440 BR8201091 | ||
| 100 | 1 | _aRego Neto, J. | |
| 100 | 1 | _aSimplicio, A.A. | |
| 100 | 1 | _aChagas, M.C.M. das | |
| 110 | 1 | _aEmpresa de Pesquisa Agropecuaria do Rio Grande do Norte S.A., Natal (Brasil) | |
| 245 | 1 | _aCultura do feijao vigna no Rio Grande do Norte [Feijao de corda; Vigna sinensis; Pratica cultural; Brasil] | |
| 246 | 1 | _a[Vigna bean crop in Rio Grande do Norte [Cowpea; Vigna sinensis; Cultural practice; Brazil]] | |
| 260 | 3 |
_aNatal, RN (Brasil): _c1981. |
|
| 300 | _a39 p. | ||
| 490 |
_aBoletim Tecnico - Empresa de Pesquisa Agropecuaria do Rio Grande do Norte S.A. (Brazil) _vno. 10 _x |
||
| 500 | _a38 ref. | ||
| 650 | _aProducao vegetal | ||
| 650 | _aFeijao de corda | ||
| 650 | _aPratica cultural | ||
| 650 | _aRio Grande do Norte | ||
| 909 |
_a202312 _bLúcia Elande _c55 _dLúcia Elande |
||
| 942 |
_2AGRIS _n0 _cMS |
||
| 999 |
_c273859 _d273859 |
||